Research methods for clinical therapists : (رقم التسجيلة. 31442)
[ عرض عادي ]
| 000 -الفاتح | |
|---|---|
| حقل البيانات ثابتة الطول | 02496cam a2200361 a 4500 |
| 001 - رقم الضبط | |
| رقم الضبط | 15648964 |
| 003 - محدد رقم الضبط | |
| رقم الضبط | OSt |
| 005 - وقت وتاريخ اخر تعامل مع التسجيلة | |
| رقم الضبط | 20150408114144.0 |
| 008 - عناصر البيانات ثابتة الطول - معلومات عامة | |
| حقل البيانات ثابتة الطول | 090305s2009 stka b 001 0 eng |
| 010 ## - رقم ضبط مكتبة الكونجرس | |
| رقم ضبط مكتبة الكونجرس | 2009008976 |
| 020 ## - الرقم الدولى المعيارى للكتب | |
| الرقم الدولى المعيارى للكتاب | 9780702029981 (alk. paper) |
| 035 ## - رقم ضبط النظام | |
| رقم ضبط النظام | (DNLM)101498138 |
| 040 ## - مصدر الفهرسة | |
| وكالة الفهرسة الأصلية | DNLM/DLC |
| وكالة النسخ | DLC |
| وكالة التعديل | DLC |
| 050 00 - رقم طلب مكتبة الكونجرس | |
| رقم التصنيف | RM708 |
| رقم المادة | .H53 2009 |
| 060 10 - رقم الطلب بالمكتبة الطبية الوطنية | |
| رقم التصنيف | WB 460 |
| رقم المادة | H631r 2009 |
| 082 00 - رقم تصنيف ديوى العشرى | |
| رقم التصنيف | 615.8/20727 |
| رقم الطبعة | 22 |
| رقم المادة | HCR |
| 100 1# - المدخل الرئيسى - إسم شخصى | |
| الإسم الشخصى | Hicks, Carolyn. |
| 9 (RLIN) | 38198 |
| 245 10 - بيان العنوان | |
| العنوان | Research methods for clinical therapists : |
| بقية العنوان | applied project design and analysis / |
| بيان المسئوليه,etc | Carolyn M. Hicks. |
| 250 ## - بيان الطبعة | |
| بيان الطبعة | 5th ed. |
| 260 ## - PUBLICATION, DISTRIBUTION, ETC. (IMPRINT) | |
| مكان الناشر او الموزع | Edinburgh ; |
| -- | New York : |
| اسم الناشر او الموزع | Churchill Livingstone/Elsevier, |
| تاريخ النشر أو التوزيع | c2009. |
| 300 ## - الوصف المادى | |
| التعداد | xi, 406 p. : |
| تفاصيل ماديه اخرى للوعاء | ill. (some col.) ; |
| أبعاد الوعاء | 25 cm. |
| 504 ## - تبصرة ببليوجرافية | |
| تبصرة ببليوجرافية,الخ | Includes bibliographical references and index. |
| 505 0# - تبصرة محتويات-الفهرس | |
| تبصرة المحتويات المصاغة | Research design and statistics : some basic concepts -- Questionnaires, surveys, and sampling -- The nature of the data -- Techniques of descriptive statistics -- Testing hypotheses -- Designing your study -- Sources of error in research -- Matching the research design to the statistical test -- Putting the theory into practice -- Writing up the research for publication -- Reading published research critically -- Non-parametric tests for same- and matched-subject designs -- Parametric tests for same- and matched-subject designs -- Non-parametric tests for different- (unrelated-) subject designs -- Parametric tests for different- (unrelated-) subject designs -- Non-parametric and parametric tests for correlational designs -- Estimation -- Attitude scales -- Repertory grid analysis -- Using statistics in diagnostic and screening tests : receiver operating characteristics -- Capturing expert opinion : the Delphi technique -- Capturing the user voice : Thurstone's paired comparison technique -- Capturing the clinician's view : reliability measures -- Undertaking systematic reviews. |
| 650 #0 - المدخل الاضافى بالموضوع-مصطلح موضوعى | |
| مصطلح موضوعي أو اسم جغرافي كعنصر مدخل | Physical therapy |
| التقسيم الفرعي العام | Research |
| -- | Statistical methods. |
| 9 (RLIN) | 38199 |
| 650 12 - المدخل الاضافى بالموضوع-مصطلح موضوعى | |
| مصطلح موضوعي أو اسم جغرافي كعنصر مدخل | Physical Therapy Modalities. |
| 9 (RLIN) | 18518 |
| 650 22 - المدخل الاضافى بالموضوع-مصطلح موضوعى | |
| مصطلح موضوعي أو اسم جغرافي كعنصر مدخل | Evidence-Based Medicine. |
| 650 22 - المدخل الاضافى بالموضوع-مصطلح موضوعى | |
| مصطلح موضوعي أو اسم جغرافي كعنصر مدخل | Outcome and Process Assessment (Health Care) |
| 9 (RLIN) | 38200 |
| 650 22 - المدخل الاضافى بالموضوع-مصطلح موضوعى | |
| مصطلح موضوعي أو اسم جغرافي كعنصر مدخل | Research Design. |
| 9 (RLIN) | 11610 |
| 650 22 - المدخل الاضافى بالموضوع-مصطلح موضوعى | |
| مصطلح موضوعي أو اسم جغرافي كعنصر مدخل | Statistics as Topic |
| التقسيم الفرعي العام | methods. |
| 9 (RLIN) | 38201 |
| 906 ## - عنصر بيانات محلى F, LDF (RLIN) | |
| a | 7 |
| b | cbc |
| c | orignew |
| d | 1 |
| e | ecip |
| f | 20 |
| g | y-gencatlg |
| 942 ## - عناصر المدخل الإضافي( كوها) | |
| مصدر التصنيف او مخطط الترفيف | Dewey Decimal Classification |
| Koha [default] item type | كتاب |
| حالة الفقد | نموذج السعر الفعال | حالة تلف | ليس للاعارة | رقم الطلب | تاريخ الاكتساب | الموقع الحالي | الباركود | الفرع الرئيسي | Date last checked out | Date last seen | نوع المادة فى نظام كوها | مصدر التصنيف او خطة الترفيف | Total Checkouts |
|---|---|---|---|---|---|---|---|---|---|---|---|---|---|
| 2013-10-26 | 615.8/20727 HCR | 2013-10-26 | المكتبة المركزية بالمجمعة (CL) | 00401907 | المكتبة المركزية بالمجمعة (CL) | 2020-02-05 | 2020-10-07 | كتاب | Dewey Decimal Classification | 3 | |||
| 2013-10-26 | 615.8/20727 HCR | 2013-10-26 | المكتبة المركزية بالمجمعة (CL) | 00401908 | المكتبة المركزية بالمجمعة (CL) | 2021-07-08 | 2022-06-15 | كتاب | Dewey Decimal Classification | 2 | |||
| 2013-10-26 | 615.8/20727 HCR | 2013-10-26 | المكتبة المركزية بالمجمعة (CL) | 00401909 | المكتبة المركزية بالمجمعة (CL) | 2021-07-08 | 2022-06-15 | كتاب | Dewey Decimal Classification | 3 | |||
| 2013-10-26 | 615.8/20727 HCR | 2013-10-26 | مكتبة مجمع الكليات بالزلفى - طلاب (SZM) | 00401910 | مكتبة مجمع الكليات بالزلفى - طلاب (SZM) | 2013-10-26 | كتاب | Dewey Decimal Classification | |||||
| 2013-10-26 | 615.8/20727 HCR | 2013-10-26 | مكتبة مجمع الكليات بالزلفى - طلاب (SZM) | 00401911 | مكتبة مجمع الكليات بالزلفى - طلاب (SZM) | 2013-10-26 | كتاب | Dewey Decimal Classification | |||||
| 2013-10-26 | 615.8/20727 HCR | 2013-10-26 | مكتبة مجمع الكليات بالزلفى - طلاب (SZM) | 00401912 | مكتبة مجمع الكليات بالزلفى - طلاب (SZM) | 2013-10-26 | كتاب | Dewey Decimal Classification |
